Technical English 4 : Teacher´s Book

Salvato in:
Dettagli Bibliografici
Autore principale: Bingham, Celia (Autore)
Natura: Libro
Lingua:inglese
Pubblicazione: Harlow : Pearson Education International, 2011
Soggetti:
Tags: Aggiungi Tag
Nessun Tag, puoi essere il primo ad aggiungerne!!

MARC

LEADER 00000nam a22000003a 4500
001 stu264331
005 20150617230222.4
008 130313s2011----uk------------------eng-d
020 |a 978-1-4082-6806-3 
040 |a STU  |b slo 
041 0 |a eng 
044 |a uk 
080 |a 811.111 
100 1 |a Bingham, Celia  |4 aut 
245 1 |a Technical English 4 :  |b Teacher´s Book 
260 |a Harlow :  |b Pearson Education International,  |c 2011 
300 |a 140 s 
650 7 |a angličtina  |2 stusub 
650 7 |a technická angličtina  |2 stusub 
996 |b 284M084969  |c M*12356/4-2-1  |l MMKN  |s A  |a 24  |w stu264331_0001 
996 |b 284M084970  |c M*12356/4-2-2  |l MMKN  |s A  |a 24  |w stu264331_0002 
996 |b 284M084972  |c M*12356/4-2-4  |l MMKN  |s A  |a 24  |w stu264331_0003 
996 |b 284M084971  |c M*12356/4-2-3  |l MMKN  |s A  |a 24  |w stu264331_0004 
996 |b 284M084973  |c M*12356/4-2-5  |l MMKN  |s A  |a 24  |w stu264331_0005 
996 |b 284M084974  |c M*12356/4-2-6  |l MMKN  |s A  |a 24  |w stu264331_0006 
996 |b 284M084975  |c M*12356/4-2-7  |l MMKN  |s A  |a 24  |w stu264331_0007 
996 |b 284M084976  |c M*12356/4-2-8  |l MMKN  |s A  |a 24  |w stu264331_0008